<?xml version="1.0" encoding="UTF-8"?>
<record
    xmlns:xsi="http://www.w3.org/2001/XMLSchema-instance"
    xsi:schemaLocation="http://www.loc.gov/MARC21/slim http://www.loc.gov/standards/marcxml/schema/MARC21slim.xsd"
    xmlns="http://www.loc.gov/MARC21/slim">

  <leader>01408cam a2200133   4500500</leader>
  <controlfield tag="005">20260517002103.0</controlfield>
  <datafield tag="041" ind1=" " ind2=" ">
    <subfield code="a">fre</subfield>
  </datafield>
  <datafield tag="042" ind1=" " ind2=" ">
    <subfield code="a">dc</subfield>
  </datafield>
  <datafield tag="100" ind1="1" ind2="0">
    <subfield code="a">Fomo, Bruno</subfield>
    <subfield code="e">author</subfield>
  </datafield>
  <datafield tag="245" ind1="0" ind2="0">
    <subfield code="a">La construction des maisons individuelles : Le guide pratique du suivi des travaux</subfield>
  </datafield>
  <datafield tag="260" ind1=" " ind2=" ">
    <subfield code="b">EMS &#xC9;ditions,
									</subfield>
    <subfield code="c">2025.
										</subfield>
  </datafield>
  <datafield tag="520" ind1=" " ind2=" ">
    <subfield code="a">Dans un secteur en constante &#xE9;volution, la construction de maisons individuelles repr&#xE9;sente un d&#xE9;fi passionnant mais complexe. Ce guide pratique, destin&#xE9; aux jeunes ing&#xE9;nieurs en g&#xE9;nie civil, fournit des &#xE9;tapes concr&#xE8;tes et des outils essentiels pour ma&#xEE;triser chaque phase du processus de construction. Des premiers plans &#xE0; la livraison finale, ce livre aborde avec clart&#xE9; et pr&#xE9;cision les enjeux cruciaux, tels que la planification, la gestion des co&#xFB;ts et le contr&#xF4;le qualit&#xE9;, permettant ainsi aux professionnels de suivre efficacement leurs projets. Avec des conseils pratiques, des check-lists d&#xE9;taill&#xE9;es et des exemples pertinents, cet ouvrage accompagne le lecteur &#xE0; chaque &#xE9;tape, garantissant une ex&#xE9;cution fluide et conforme aux attentes des clients. Que vous soyez novice ou que vous souhaitiez perfectionner vos comp&#xE9;tences, ce manuel est un indispensable pour assurer la r&#xE9;ussite de vos projets de construction.</subfield>
  </datafield>
  <datafield tag="856" ind1="4" ind2="1">
    <subfield code="u">https://stm.cairn.info/la-construction-des-maisons-individuelles--9782386301926?lang=fr&amp;redirect-ssocas=7080</subfield>
  </datafield>
  <datafield tag="999" ind1=" " ind2=" ">
    <subfield code="c">2240077</subfield>
    <subfield code="d">2240077</subfield>
  </datafield>
</record>
